Reglamento para el orden interior de la Sociedad del Liceo Filarmónico Barcelonés de S. M. la reina Isabel II
Descripción Física:
10 p. ; 26 cm
MARC
| LEADER | 00000nam a2200000Ia 4500 | ||
|---|---|---|---|
| 001 | 20181 | ||
| 008 | 160829s1863 xx 000 0 cat d | ||
| 080 | |a 2274, exp. 2 | ||
| 100 | |a Sociedad del Liceo Filarmónico Barcelonés |9 48326 | ||
| 245 | |a Reglamento para el orden interior de la Sociedad del Liceo Filarmónico Barcelonés de S. M. la reina Isabel II | ||
| 260 | |a Barcelona : |b Establecimiento Tiográfico de Narciso Ramírez y Rialp, |c 1863 | ||
| 300 | |a 10 p. ; |c 26 cm | ||
| 650 | |a Sociedad del Liceo Filarmónico Barcelonés |x Reglaments i procediment |9 48327 | ||
| 901 | |a Arxiu | ||
| 942 | |n 1 | ||
| 952 | |0 0 |1 0 |4 0 |6 2274_EXP_2 |7 1 |9 54471 |a Arxiu |b Arxiu |d 2016-12-01 |l 0 |o 2274, exp. 2 |p 20181 |r 2016-12-01 00:00:00 |w 2016-12-01 |y ARXIU | ||
| 999 | |c 58340 |d 58340 | ||